000 00539nam a2200205Ia 4500
999 _c36902
_d36902
001 2853
003 GE_BSU
005 20190612152913.0
008 181216s1995||||gw |||||||||||||| ||ger||
020 _a3921866677
040 _cGE_BSU
041 _ager
080 _a821.112.2 V-72
100 _aVinas, David
_92456
245 _aDie Herren Der Erde /
_bTheorie und Praxis Verlag
264 _aAuflage,
_c1995.
300 _a303 p.
_b20 см.
653 _aგერმანული ლიტერატურა
942 _cBK
_2udc